000 01411nam0a2200325 4500
001 RU\NLR\BIBL_A\011554977
005 20240921221605.0
010 _a9785948112244
021 _aRU
_b2017-89383
_96391
035 _a(RuMoRGB)009462305
035 _a(NLR Aleph) 011554977
090 _a12256137
_c12256137
100 _a20171211d2017 k y0rusy50 ca
101 0 _arus
102 _aRU
105 _aa z 000zy
200 1 _aМесто и роль региональных финансов в финансовой системе Российской Федерации
_fГ. С. Закревская, С. В. Мишина
_gМосковский финансово-юридический университет МФЮА, Калининградский филиал
210 _aМосква
_cМФЮА
_d2017
215 _a94 с.
_cтабл.
_d20
320 _aБиблиогр.: с. 91-94 (21 назв.) и в подстроч. примеч.
606 1 _aМестные финансы
_yРоссийская Федерация
_92354634
_3RU\NLR\AUTH\661406512
686 _aУ9(2)261.340.5,0
_2rubbk
686 1 _aУ26(2)134
686 1 _aУ26(2)11
700 1 _aЗакревская
_bГ. С.
_gГалина Семеновна
701 1 _aМишина
_bС. В.
_gСветлана Вячеславовна
942 _cBOOK
980 _aNBR